Esquema de normas contables para Argentina (Registro nro. 11595)

Detalles MARC
000 -LEADER
fixed length control field 00374 a2200133 4500
001 - CONTROL NUMBER
control field ART_6872
005 - DATE AND TIME OF LATEST TRANSACTION
control field 20260410161621.0
008 - FIXED-LENGTH DATA ELEMENTS--GENERAL INFORMATION
fixed length control field 260409a
100 1# - MAIN ENTRY--PERSONAL NAME
Personal name Priotto, Hugo C.
245 10 - TITLE STATEMENT
Title Esquema de normas contables para Argentina
700 1# - ADDED ENTRY--PERSONAL NAME
Personal name Werbin, Eliana M.
700 1# - ADDED ENTRY--PERSONAL NAME
Personal name Veteri, Liliana J.
773 0# - HOST ITEM ENTRY
Title Enfoques
Related parts - Nº 10 (oct. 2010)
Record control number REV416

No hay ítems disponibles.